Priemyselná politika. 3

Odvetvia dôležité pre udržanie budúceho rozvoja priemyslu (priemysel textilný, odevný, sklársky, bižutérny, výroba usní a usňových výrobkov, výroba elektrických a optických prístrojov). Investičná náročnosť reštrukturalizácie. Podnikanie. Prierezové a odvetvové vládne rozvojové programy.

Guardado en:
Detalles Bibliográficos
Formato: Capítulo de libro
Lenguaje:eslovaco
Materias:
Etiquetas: Agregar Etiqueta
Sin Etiquetas, Sea el primero en etiquetar este registro!

MARC

LEADER 00000naa a2200000 4500
001 r019052
005 20221205103054.3
041 0 |a slo 
044 |a SK 
245 1 0 |a Priemyselná politika. 3 
520 |a Odvetvia dôležité pre udržanie budúceho rozvoja priemyslu (priemysel textilný, odevný, sklársky, bižutérny, výroba usní a usňových výrobkov, výroba elektrických a optických prístrojov). Investičná náročnosť reštrukturalizácie. Podnikanie. Prierezové a odvetvové vládne rozvojové programy. 
610 2 0 |a politika priemyselná 
610 2 0 |a Slovensko 
610 2 0 |a štát 
610 2 0 |a priemysel 
610 2 0 |a investície 
610 2 0 |a reštrukturalizácia 
610 2 0 |a podnikanie 
610 2 0 |a programy rozvojové 
610 2 0 |a stavebníctvo 
610 2 0 |a odvetvia priemyselné 
610 2 0 |a 1995-2000